| 000 | 02170cam a2200349 a 4500 | ||
|---|---|---|---|
| 999 |
_c129720 _d129720 |
||
| 001 | 16632060 | ||
| 003 | ARRUPE | ||
| 005 | 20190819142102.0 | ||
| 008 | 110201s2011 nyua 001 0 eng | ||
| 010 | _a 2011003540 | ||
| 020 |
_a9780307720511 : _c$27.99 |
||
| 020 | _z9780307720535 (eISBN) | ||
| 020 | _a0307720519 | ||
| 020 | _z0307720535 (eISBN) | ||
| 035 | _a(OCoLC)ocn699763910 | ||
| 040 |
_aDLC _cDLC _dBTCTA _dYDXCP _dHSA _dVP@ _dABG _dBWX _dDLC |
||
| 050 | 0 | 0 |
_aBX1751.3 _b.B376 2011 |
| 082 | 0 | 0 |
_a230/.2 _222 |
| 100 | 1 |
_aBarron, Robert, _d1959- _947851 |
|
| 245 | 1 | 0 |
_aCatholicism : _ba journey to the heart of the faith / _cRobert Barron. |
| 250 | _a1st ed. | ||
| 260 |
_aNew York : _bImage Books, _cc2011. |
||
| 300 |
_a291 p. : _bill. ; _c24 cm. |
||
| 500 | _aIncludes index. | ||
| 505 | 0 | _aThe Catholic thing -- Amazed and afraid : the revelation of God become man -- Happy are we : the teachings of Jesus -- "That than which nothing greater can be thought" : the ineffable mystery of God -- Our tainted nature's solitary boast : Mary, the Mother of God -- The indispensable men : Peter, Paul, and the missionary adventure -- A body both suffering and glorious : the mystical union of Christ and the Church -- Word made flesh, true bread of heaven : the mystery of the Church's sacrament and worship -- A vast company of witnesses : the Communion of Saints -- The fire of His love : prayer and the life of the Spirit -- World without end : the last things -- It's all about God. | |
| 610 | 2 | 0 |
_aCatholic Church _xDoctrines. _947852 |
| 650 |
_aTheology, Doctrinal _947853 |
||
| 856 | 4 | 2 |
_3Contributor biographical information _uhttp://www.loc.gov/catdir/enhancements/fy1201/2011003540-b.html |
| 856 | 4 | 2 |
_3Publisher description _uhttp://www.loc.gov/catdir/enhancements/fy1201/2011003540-d.html |
| 856 | 4 | 1 |
_3Sample text _uhttp://www.loc.gov/catdir/enhancements/fy1201/2011003540-s.html |
| 906 |
_a7 _bcbc _corignew _d1 _eecip _f20 _gy-gencatlg |
||
| 942 |
_2lcc _cMONOGRAPH |
||